Normal view MARC view
  • engineeng

Entry Topical Term

Number of records used in: 1

001 - CONTROL NUMBER

  • control field: 6325

003 - CONTROL NUMBER IDENTIFIER

  • control field: OSt

005 - DATE AND TIME OF LATEST TRANSACTION

  • control field: 20200915161947.0

008 - FIXED-LENGTH DATA ELEMENTS

  • fixed length control field: 200915|| aca||aabn | a|a d

040 ## - CATALOGING SOURCE

  • Original cataloging agency: OSt
  • Transcribing agency: OSt

150 ## - HEADING--TOPICAL TERM

  • Topical term or geographic name as entry element: engineeng

670 ## - SOURCE DATA FOUND

  • Source citation: Work cat.: (OSt): RAJPUT, R. K. 3270, THARMAL SCIENCE AND ENGINEERING, 2011